تحميل...

Handbook of food processing : Food Safety, Quality, and Manufacturing Processes/

التفاصيل البيبلوغرافية
مؤلفون آخرون: Varzakas, Theodoros, Tzia, Constantina
التنسيق: Printed Book
منشور في: Boca Raton: CRC Press; 2016.
سلاسل:Contemporary food engineering series
الموضوعات:
LEADER 01241cam a22003137i 4500
020 |a 9781498721776 
020 |a 149872177X 
020 |a 9781498721752 
020 |a 1498721753 
082 |a 664 VAR 
245 0 0 |a Handbook of food processing :  |c edited by Theodoros Varzakas, Constantina Tzia.  |b Food Safety, Quality, and Manufacturing Processes/ 
260 |a Boca Raton:  |b CRC Press;  |c 2016. 
300 |a 2 volumes (xx, 659, 719 pages) :  |b illustrations ; 
490 0 |a Contemporary food engineering series 
504 |a Includes Bibiliographical References and Index 
505 0 |a [volume 1] Food safety, quality, and manufacturing processes -- [volume 2] Food preservation. 
650 0 |a Food industry and trade  |v Handbooks, manuals, etc. 
650 0 |a Food industry and trade 
650 0 |a Food processing plants  |v Handbooks, manuals, etc. 
650 0 |a Food 
650 7 |a Food industry and trade 
650 7 |a Food industry and trade 
650 7 |a Food 
650 7 |a Food processing plants. 
700 1 |a Varzakas, Theodoros, 
700 1 |a Tzia, Constantina, 
942 |c BK 
999 |c 297512  |d 297512 
952 |0 0  |1 0  |4 0  |6 664_000000000000000_VAR  |7 0  |9 317073  |a BTY  |b BTY  |c GEN  |d 2020-09-07  |l 0  |o 664 VAR  |p BTY2615  |r 2020-09-07  |w 2020-09-07  |y BK